000
00338nam a2200133Ia 4500
008
220214s9999 xx 000 0 und d
245
0
_a
Agri Digest
260
_b
FAO
_a
Rome
310
_a
Q
500
_a
Ending Volume & Year: 1972,
500
_a
Missing Volume: Nos.1;5;12;13;17
500
_a
Starting Volume & Year: 1964,
942
_c
BJ
999
_c
3165
_d
3165